000 nam a22 7a 4500
999 _c8489
_d8489
008 180117b ||||| |||| 00| 0 eng d
100 _aCrawley.A.etal.
_94882
245 _aOxford Elementary Dictionary
260 _aNew delhi
_bUniversity
_c2008